Sanat - "Sinä ja Minä" - Dingo - Statistics

Yleistilastot
  • Tätä visaa on pelattu 205 kertaa
  • Keskiarvotulos 60 / 119
Vastaustilastot
Sanat % Oikein
Ja
99%
ja
99%
minä
99%
Sinä
99%
sinä
99%
liikennevaloissa,
95%
aamukasteessa.
78%
slummitaloissa,
76%
on
64%
On
64%
se
58%
taas;
51%
taas
51%
hiukseni
49%
kuin
48%
leikannut
48%
katuja
47%
parturikampaamo
47%
astelen,
46%
haaroista
46%
Lissu
46%
Tukka
46%
tukka
46%
ne
45%
pystyssä
45%
ratkenneet.
45%
näen
42%
Näen
42%
pillihousuni
42%
vastaantulijaa.
42%
jota
40%
saa
40%
seisoo
40%
että
38%
järki
38%
mulla
37%
sulla
37%
jotain
36%
kohden
35%
parempaa.
35%
ois
33%
sinut
32%
jotka
30%
suussa
30%
kahviloissa
29%
porsaan
29%
rikkaat,
29%
unohtamaan,
29%
liikkeen
28%
lipunmyyjänä
28%
ostaa;
28%
eteen
27%
hopealusikan.
27%
Kultasepän
27%
meidät
26%
Nyt
26%
seisahdan,
26%
sekaisin.
26%
tivolin,
26%
vaan,
26%
kaiken
25%
saanut
25%
kaipaus
24%
mua
24%
kauan
22%
kohdataan.
22%
Vene
22%
liian
21%
taasen
21%
airottoman
20%
muistot
20%
näin
20%
aution
19%
kiusanneet.
19%
liikkumaan.
19%
saaren
19%
tuulet
19%
veneen
19%
virtaa
19%
tuudittaa:
18%
kohtaa
17%
toivo
16%
henki,
13%
hyvä
9%
slummitalossa,
5%
Ehtoja vastaavia visoja ei löytynyt
Tulosjakauma
Jokaisen tuloksen saaneiden osuus
Persentiili vastausten määrän mukaan
Tuloshistoriasi
Et ole pelannut tätä visaa